Revista Internacional de Aprendizaje en la Educación Superior

Wedi'i Gadw mewn:
Manylion Llyfryddiaeth
Fformat: Electronig Cylchgrawn
Cyhoeddwyd: Global Knowledge Academics
Mynediad Ar-lein:Available in Education Source.
Tagiau: Ychwanegu Tag
Dim Tagiau, Byddwch y cyntaf i dagio'r cofnod hwn!

MARC

LEADER 00000nas a22000002 4500
001 ebs76875589e
003 EBZ
006 m d ||||||
007 cr|unu||||||||
008 241105| xx uu p o 0 0||| d
022 |a 2386-7582  |y 2474-5227 
035 |a (EBZ)ebs76875589e 
040 |a EBZ 
042 |a msc 
130 0 |a Revista Internacional de Aprendizaje en la Educación Superior (Online) 
222 1 0 |a Revista Internacional de Aprendizaje en la Educación Superior 
245 0 0 |a Revista Internacional de Aprendizaje en la Educación Superior  |h [electronic resource]. 
260 |b Global Knowledge Academics 
773 0 |t Education Source   |d EBSCO 
856 4 0 |3 Abstracts available: Jan 2018-Jul 2020.  |z Available in Education Source.  |u https://researchs.unach.elogim.com/direct.asp?db=eue&jid=LW7Y&scope=site 
901 |a Academic Journal